000 00904nas a2200289 4500
001 BR2014004642
003 BR-BrBNA
005 20231205124312.0
007 ta
008 230509b bl.|||p| |||| 00| 00por d
040 _aBR-BrBNA
_bpor
_cBiblioteca Nacional de Agricultura
041 _a(En)
072 _aK50
100 1 _aIwakiri, S.
100 1 _aTrianoski, R.
100 1 _aCastro, V.G. de
100 1 _aParchen, C.F.A.
100 1 _aAraujo, R.D. de
245 1 _aQuality of plywoods obtained from Melia azedarach combined with Pinus taeda, produced with urea-formaldehyde and phenol-formaldehyde resins
650 _aPINHEIRO
650 _aPINUS TAEDA
650 _aCOMPENSADO
650 _aPAINEL DE MADEIRA
773 0 _tFloresta (Brazil)
_xISSN 0015-3826
_g(Jan-Mar 2014), v. 44(1) p. 93-100
_wBR2014004642
909 _a202311
_bLúcia
_c55
_dLúcia Elande
942 _2AGRIS
_n0
_cANA
999 _c238369
_d238369